000 00956nam a22002777a 4500
001 BR2015003014
003 BR-BrBNA
005 20230928104630.0
007 ta
008 230509b bl.||||| |||| 00| 0 por d
040 _aBR-BrBNA
_bpor
_cBiblioteca Nacional de Agricultura
041 _a(Por)
072 _aE16
_b9320
_b8961
090 _ 9320 BR2015003014
110 1 _aUniversidade de São Paulo, Piracicaba, SP (Brasil). Escola Superior de Agricultura Luiz de Queiroz
_910567
245 1 _aCusto de produção agrícola e industrial de açúcar e álcool no Brasil
_bPrograma de Educação Continuada em Economia e Gestão de Empresas
260 3 _aBrasília, DF (Brasil):
_c2009.
300 _a194 p.
500 _aBibliography p. 175-180; Summary (Por); 59 illus.; 75 tables
650 _aCUSTO DE PRODUÇÃO
650 _aINDÚSTRIA
650 _aAÇÚCAR
650 _aALCÓOL
909 _a202309
_bLucia
_c55
_dLucia Elande
942 _cBK
999 _c80945
_d80945